| 000 | 01412nam0a2200385 4500 | ||
|---|---|---|---|
| 001 | RU\NLR\BIBL_A\022234451 | ||
| 005 | 20240610161133.0 | ||
| 010 |
_a978-5-00161-412-8 _bООО "Алтей-Бук" _930000 |
||
| 021 |
_aRU _bКН-П-24-022368 _9КН-П-24-2326 |
||
| 035 | _a(NLR Aleph) 022234451 | ||
| 090 |
_a13141368 _c13141368 |
||
| 100 | _a20240527d2023 u y0rusy50 ca | ||
| 101 | 0 | _arus | |
| 102 | _aRU | ||
| 105 | _aa z 000yy | ||
| 181 | 0 |
_ab3 _bbb2e |
|
| 181 | 0 |
_ai2 _baxxe |
|
| 182 | 0 | _an | |
| 200 | 1 |
_aКрасная книга _iЖивотные и рыбы _eюным художникам _f[автор-составитель: Д. Рулёв _gхудожник: О. Илларионова |
|
| 203 |
_aИзображение _aТекст _bвизуальные _cнепосредственные |
||
| 210 |
_aМосква _cАлтей _d2023 |
||
| 215 |
_a[26] с. _cил., цв. ил. _d28 |
||
| 225 | 1 | _aПосмотри и дорисуй | |
| 333 | _a6+ | ||
| 606 | 1 |
_aКрасная книга животных _jИздания для детей _92554931 _3RU\NLR\AUTH\661511658 |
|
| 686 | 0 |
_aШ9 _bЕ6 |
|
| 686 | 0 | _aШ9(2)60=Р7-8 | |
| 702 | 1 |
_aРулёв _bД. _4220 |
|
| 702 | 1 |
_aИлларионова _bО. _gОльга _4040 |
|
| 942 | _cBOOK | ||
| 980 | _aNB | ||